| 000 | 00685nam a2200217 4500 | ||
|---|---|---|---|
| 001 | 57243 | ||
| 003 | BD-RjUL | ||
| 005 | 20211209080504.0 | ||
| 008 | 161207s2006 ii ||||| |||| 00| 0 eng d | ||
| 020 | _a0761934189 | ||
| 035 | _a(BD-RjUL) 57367 | ||
| 040 |
_bENG _cBD-RjUL |
||
| 041 | _aENG | ||
| 082 |
_223 _a362.1095414 _bBOH 2006 |
||
| 100 |
_aBose, Pradip Kumar _9169999 |
||
| 245 | 0 | 1 |
_aHealth and society in Bengal : _ba selection from late 19th-century Bengali periodicals/ _ceditor, Pradip Kumar Bose. |
| 260 |
_aNew Delhi ; Thousand Oaks : _bSAGE Publications, _c2006. |
||
| 300 |
_a293 p. ; _c23 cm. |
||
| 650 |
_aPublic health _zIndia--Bengal _9170000 |
||
| 942 |
_2ddc _cBK |
||
| 999 |
_c57243 _d57243 |
||